[Event "AUTO-OPEN-1068"]
[Site "http://www.queenalice.com/game.php?id=376714"]
[Date "2008.3.25"]
[Round "1"]
[White "LeoDZeppelin"]
[Black "Benoliel"]
[Result "0-1"]
[WhiteElo "1642"]
[BlackElo "2061"]

1. e4 e5 2. Bc4 Nf6 3. d3 Bc5 4. Bg5 Nc6 5. Bd5 Nd4 6. c3 Nc6 7. Bxc6 bxc6 8. d4
h6 9. Bxf6 Qxf6 10. dxc5 Ba6 11. b3 d5 12. cxd6 cxd6 13. c4 O-O 14. Nc3 Rfe8 15.
Nge2 Re6 16. Ng3 Rd8 17. Nf5 d5 18. Qg4 d4 19. Ne2 d3 20. Nc3 d2+ 21. Ke2 Bc8
22. Rhd1 Red6 23. Qg3 Bxf5 24. exf5 Rd3 25. Qxd3 Rxd3 26. Kxd3 Qxf5+ 27. Kxd2
Qxf2+ 28. Ne2 f5 29. Rf1 Qxg2 30. Rxf5 Qxh2 31. Raf1 h5 32. Rg1 e4 33. a4 Qd6+
34. Kc3 Qd3+ 35. Kb4 Qxe2 36. Rfg5 Qd2+ 37. Kc5 e3 38. Rxg7+ Kf8 39. Rg8+ Kf7
40. Kxc6 e2 41. Rh8 e1=Q 42. Rxe1 Qxe1 0-1

[Event "AUTO-OPEN-1068"]
[Site "http://www.queenalice.com/game.php?id=376715"]
[Date "2008.3.25"]
[Round "1"]
[White "Benoliel"]
[Black "LeoDZeppelin"]
[Result "1-0"]
[WhiteElo "2063"]
[BlackElo "1640"]

1. d4 d5 2. c4 Nf6 3. Nc3 e6 4. Bg5 Bb4 5. Qa4+ Nc6 6. cxd5 exd5 7. Nf3 Bxc3+ 8.
bxc3 Bd7 9. e3 Ne5 10. Qd1 Nc6 11. Bb5 O-O 12. O-O Qe7 13. Qd3 Qe4 14. Bxf6 Qxd3
15. Bxd3 gxf6 16. Rab1 b6 17. Rb5 Ne7 18. Rb4 a5 19. Rb2 Ng6 20. Re1 h5 21. e4
Rae8 22. e5 fxe5 23. dxe5 Bg4 24. Bxg6 fxg6 25. Rb5 Bxf3 26. gxf3 Rxf3 27. Rxd5
Rxc3 28. e6 Kf8 29. Rd7 c5 30. e7+ Kf7 31. Rb7 c4 32. Rxb6 Rxe7 33. Rxe7+ Kxe7
34. Rxg6 Ra3 35. Rh6 Rxa2 36. Rxh5 c3 37. Rc5 c2 38. Kg2 Kd6 39. Rc8 Rb2 40. Kf3
a4 41. Ke3 1-0

[Event "AUTO-OPEN-1068"]
[Site "http://www.queenalice.com/game.php?id=376734"]
[Date "2008.3.25"]
[Round "1"]
[White "yanpom"]
[Black "Benoliel"]
[Result "1-0"]
[WhiteElo "1891"]
[BlackElo "1955"]

1. e4 e5 2. Nf3 Nc6 3. Bc4 Nf6 4. Nc3 Bc5 5. O-O d6 6. h3 O-O 7. d3 h6 8. Be3
Nh5 9. Nxe5 Nxe5 10. Qxh5 Be6 11. Bxe6 fxe6 12. d4 Nf3+ 13. gxf3 Bb4 14. Kh2 Qe7
15. Rg1 d5 16. Bxh6 Rf7 17. e5 Kf8 18. Bg5 Qe8 19. Qh8# 1-0

[Event "AUTO-OPEN-1068"]
[Site "http://www.queenalice.com/game.php?id=376735"]
[Date "2008.3.25"]
[Round "1"]
[White "Benoliel"]
[Black "yanpom"]
[Result "1-0"]
[WhiteElo "1959"]
[BlackElo "1885"]

1. e4 e5 2. Nf3 Nc6 3. Bc4 Bc5 4. Nc3 Nf6 5. d3 h6 6. O-O d6 7. a3 Bg4 8. Re1
Nd4 9. Kh1 Nxf3 10. gxf3 Bh3 11. Nd5 Nxd5 12. Bxd5 c6 13. Bb3 Bxf2 14. Be3 Bxe3
15. Rxe3 Qg5 16. Qd2 Bg2+ 17. Qxg2 Qxe3 18. Qxg7 Qxf3+ 19. Kg1 O-O-O 20. Bxf7
Kb8 21. Rf1 Qe3+ 22. Kh1 Qg5 23. Rg1 Qxg7 24. Rxg7 Rd7 25. Rg8+ Rxg8 26. Bxg8
Rg7 27. Be6 h5 28. h3 h4 29. Kh2 Rg3 30. b4 Re3 31. Bg4 Re1 32. c3 Ra1 33. Kg2
Rxa3 34. Kf3 Rxc3 35. Be6 Rxd3+ 36. Kg4 Rd4 37. Kxh4 Rxe4+ 38. Kg5 Rxb4 39. h4
d5 40. h5 a5 41. h6 Rb2 42. Bg4 Rf2 43. Kg6 a4 44. h7 Rf8 45. Kg7 Re8 46. Bh5
Re7+ 47. Bf7 Rxf7+ 48. Kxf7 e4 49. h8=Q+ Ka7 50. Qd4+ Kb8 51. Qxa4 c5 52. Qb5
1-0

[Event "AUTO-OPEN-1068"]
[Site "http://www.queenalice.com/game.php?id=376744"]
[Date "2008.3.25"]
[Round "1"]
[White "TheBigSid"]
[Black "Benoliel"]
[Result "1-0"]
[WhiteElo "2066"]
[BlackElo "1979"]

1. d4 d5 2. c4 c6 3. e3 Nf6 4. Nf3 Bg4 5. Be2 e6 6. Nc3 Bb4 7. Qc2 O-O 8. O-O
Bxc3 9. Qxc3 Ne4 10. Qb3 Qc7 11. Re1 Nd7 12. Nd2 Ndf6 13. Nxe4 dxe4 14. h3 Bh5
15. Bxh5 Nxh5 16. Qc2 f5 17. b3 Rf6 18. Qe2 g6 19. Bb2 f4 20. d5 f3 21. Qd2 Rf5
22. g4 Rg5 23. dxc6 Qxc6 24. Kh1 Qc7 25. Qd4 Rf8 26. Qh8+ Kf7 27. Qxh7+ 1-0

[Event "AUTO-OPEN-1068"]
[Site "http://www.queenalice.com/game.php?id=376745"]
[Date "2008.3.25"]
[Round "1"]
[White "Benoliel"]
[Black "TheBigSid"]
[Result "0-1"]
[WhiteElo "1966"]
[BlackElo "2079"]

1. d4 d5 2. c4 e6 3. Nc3 Nf6 4. Bg5 Be7 5. Nf3 O-O 6. e3 c5 7. Bd3 Nc6 8. O-O
cxd4 9. exd4 dxc4 10. Bxc4 a6 11. Re1 b5 12. Bb3 Bb7 13. d5 Nxd5 14. Bxe7 Ndxe7
15. Re3 Qxd1+ 16. Rxd1 Rfd8 17. Red3 Rxd3 18. Rxd3 Rd8 19. Rxd8+ Nxd8 20. Bd1
Nd5 21. Kf1 Nxc3 22. bxc3 Bd5 23. a3 Nb7 24. Ke2 Kf8 25. Ke3 Ke7 26. Bc2 h6 27.
Be4 Kd6 28. Kd4 Bxe4 29. Kxe4 f6 30. Kd4 e5+ 31. Ke4 Ke6 32. g4 Nd6+ 33. Kd3 e4+
0-1

[Event "Challenge"]
[Site "http://www.queenalice.com/game.php?id=384557"]
[Date "2008.4.9"]
[Round "-"]
[White "julianofaria"]
[Black "Benoliel"]
[Result "1-0"]
[WhiteElo "2035"]
[BlackElo "2053"]

1. d4 d5 2. Bf4 Nc6 3. Nf3 Bg4 4. e3 Nf6 5. c3 e6 6. Nbd2 Bd6 7. Bg5 h6 8. Bh4
g5 9. Bg3 Bxg3 10. hxg3 Ne4 11. Qa4 Qd6 12. Nxe4 dxe4 13. Nxg5 O-O-O 14. Nxf7
Qf8 15. Nxd8 Qxd8 16. Bb5 Qd6 17. Bxc6 Qxc6 18. Qxc6 bxc6 19. Rh4 h5 20. Kd2 Rf8
21. Ke1 Kd7 22. a4 Kd6 23. Rxg4 hxg4 24. Ke2 Kd5 25. b3 Rb8 26. Rb1 c5 27. c4+
Kd6 28. a5 Rb4 29. Kd2 Rb8 30. Kc3 a6 31. dxc5+ Kxc5 32. b4+ Kc6 33. Kd4 Kd6 34.
Kxe4 Rf8 35. f3 gxf3 36. gxf3 Kc6 37. b5+ axb5 38. cxb5+ Kb7 39. f4 Rf5 40. g4
Rd5 41. g5 Rd7 42. Ke5 Rd6 43. g6 c5 44. Kxd6 c4 45. g7 c3 46. g8=Q c2 47. Qd8
cxb1=Q 48. a6+ Ka7 49. Qc7+ 1-0

[Event "Challenge"]
[Site "http://www.queenalice.com/game.php?id=384558"]
[Date "2008.4.9"]
[Round "-"]
[White "Benoliel"]
[Black "julianofaria"]
[Result "0-1"]
[WhiteElo "2053"]
[BlackElo "2008"]

1. d4 Nf6 2. Nc3 d5 3. Bg5 e6 4. e3 c6 5. Nf3 Nbd7 6. Ne5 Qa5 7. Bd3 Bb4 8. O-O
Nxe5 9. dxe5 Nd7 10. f4 Bxc3 11. bxc3 Qxc3 12. Qh5 Nc5 13. f5 exf5 14. Bf4 Nxd3
15. Qe2 Nxf4 16. Qf3 Ng6 17. Qg3 Qxe5 18. Qg5 h6 19. Qh5 O-O 20. Rfe1 b6 21.
Rad1 Ba6 22. Qf3 Rfe8 23. Rd4 Bc4 24. a3 c5 25. Rdd1 Rad8 26. Rd2 Qc3 27. Qf2
Re5 28. Red1 Rde8 29. Re1 Rxe3 30. Red1 Re2 31. Rxe2 Rxe2 32. Qxf5 Qe3+ 33. Kh1
Re1+ 34. Qf1 Rxf1+ 35. Rxf1 Bxf1 36. c4 Qf2 0-1

[Event "Challenge"]
[Site "http://www.queenalice.com/game.php?id=384560"]
[Date "2008.4.9"]
[Round "-"]
[White "marandreo"]
[Black "Benoliel"]
[Result "1-0"]
[WhiteElo "1897"]
[BlackElo "2053"]

1. c4 e5 2. g3 Nf6 3. Bg2 Bc5 4. Nc3 O-O 5. Nf3 Nc6 6. O-O d6 7. d3 Bg4 8. Bg5
Re8 9. Nd5 Nd4 10. e3 Nxf3+ 11. Bxf3 Bh3 12. Bg2 Bxg2 13. Kxg2 c6 14. Nxf6+ gxf6
15. Bh6 Kh8 16. Qh5 e4 17. Qg4 Rg8 18. Qxe4 Rg6 19. Qh4 Qe7 20. a3 Rag8 21. Bf4
Rg4 22. Qh5 Qe6 23. d4 Bb6 24. Rac1 Qe4+ 25. f3 R4g5 26. Qxg5 fxg5 27. fxe4 gxf4
28. Rxf4 Rg7 29. b4 c5 30. bxc5 dxc5 31. d5 Ba5 32. Rd1 Kg8 33. e5 Kf8 34. e6
Ke7 35. exf7 Rxf7 36. e4 Rxf4 37. gxf4 Bc7 38. e5 Bb8 39. Kf3 a6 40. Rb1 b5 41.
cxb5 c4 42. bxa6 Ba7 43. Rb7+ 1-0

[Event "Challenge"]
[Site "http://www.queenalice.com/game.php?id=384562"]
[Date "2008.4.9"]
[Round "-"]
[White "Benoliel"]
[Black "marandreo"]
[Result "0-1"]
[WhiteElo "2053"]
[BlackElo "1828"]

1. d4 Nf6 2. Nc3 d5 3. Bg5 Bf5 4. Bxf6 exf6 5. Nf3 Bb4 6. Qd2 O-O 7. e3 Re8 8.
Bd3 Bxd3 9. Qxd3 Nd7 10. O-O Bxc3 11. Qxc3 c6 12. Nh4 g6 13. f4 f5 14. Rae1 Qxh4
15. Rf3 Re6 16. Rh3 Qe7 17. Qb3 b5 18. Rf1 Re8 19. Rff3 Nf6 20. Kf2 a5 21. Rh6
Ng4+ 22. Kg1 Nxh6 23. g3 Rxe3 24. Rxe3 Qxe3+ 25. Qxe3 Rxe3 26. b3 Re2 27. a4
Rxc2 28. Kf1 Ng4 29. axb5 cxb5 30. Kg1 a4 31. bxa4 bxa4 32. Kf1 a3 33. Ke1 a2
0-1

[Event "Challenge"]
[Site "http://www.queenalice.com/game.php?id=384570"]
[Date "2008.4.9"]
[Round "-"]
[White "Benoliel"]
[Black "ysar"]
[Result "1-0"]
[WhiteElo "2044"]
[BlackElo "1874"]

1. d4 e6 2. e4 b6 3. Nc3 Bb4 4. Qd3 Bb7 5. Nf3 Ba6 6. Qe3 Bxf1 7. Rxf1 d6 8. b3
Nf6 9. Bb2 Nbd7 10. O-O-O O-O 11. h4 a5 12. e5 Bxc3 13. Qxc3 Nd5 14. Qd3 Nb4 15.
Qe3 Nxa2+ 16. Kb1 1-0

[Event "Challenge"]
[Site "http://www.queenalice.com/game.php?id=384574"]
[Date "2008.4.9"]
[Round "-"]
[White "aurorazzbcn"]
[Black "Benoliel"]
[Result "0-1"]
[WhiteElo "1857"]
[BlackElo "2053"]

1. d4 d5 2. Nf3 Nf6 3. Bf4 Nc6 4. Nbd2 Bg4 5. h3 Bh5 6. c3 e6 7. e3 Ne4 8. Be2
Be7 9. Ne5 Bxe2 10. Qxe2 Nxe5 11. Bxe5 Bf6 12. Nxe4 dxe4 13. Qb5+ c6 14. Qxb7
Bxe5 15. Qxc6+ Ke7 16. dxe5 Qd3 17. Rd1 Rac8 18. Rxd3 Rxc6 19. Rd2 Rb8 20. Kd1
Rb5 21. Kc2 Rd5 22. Rhd1 Rcc5 23. Rxd5 exd5 24. f4 Ke6 25. Rb1 a5 26. b3 g5 27.
g3 h6 28. a3 Rc8 29. b4 axb4 30. axb4 h5 31. b5 gxf4 32. exf4 d4 33. Rb3 Kd5 34.
b6 d3+ 35. Kd2 Kc4 36. Rb4+ Kc5 37. b7 Rb8 38. Ke3 Kc6 39. Rxe4 Rd8 0-1

[Event "Challenge"]
[Site "http://www.queenalice.com/game.php?id=384579"]
[Date "2008.4.9"]
[Round "-"]
[White "Benoliel"]
[Black "aurorazzbcn"]
[Result "0-1"]
[WhiteElo "2053"]
[BlackElo "1817"]

1. d4 Nf6 2. c4 d6 3. Nc3 g6 4. Bg5 Bg7 5. Nf3 O-O 6. e3 Nbd7 7. Bd3 c5 8. O-O
b6 9. e4 cxd4 10. Nxd4 Bb7 11. Re1 Ne5 12. f4 Nxd3 13. Qxd3 Nd7 14. e5 dxe5 15.
fxe5 Nxe5 16. Qd1 Nxc4 17. Re4 Bxe4 18. Nde2 Qxd1+ 19. Rxd1 Bc2 20. Rd7 e5 21.
b3 Na5 22. Nd5 h6 23. Be7 Rfc8 24. Nc7 Bf5 25. Nxa8 Rxa8 26. Nc3 Bxd7 0-1

[Event "Challenge"]
[Site "http://www.queenalice.com/game.php?id=384624"]
[Date "2008.4.9"]
[Round "-"]
[White "Aul"]
[Black "Benoliel"]
[Result "0-1"]
[WhiteElo "1771"]
[BlackElo "2013"]

1. d4 d5 2. c4 c6 3. cxd5 cxd5 4. Nc3 Nf6 5. Nf3 Bg4 6. Ne5 e6 7. Nxg4 Nxg4 8.
e4 Nf6 9. e5 Ne4 10. Nxe4 dxe4 11. Bb5+ Nc6 12. Qa4 Rc8 13. Bxc6+ Rxc6 14. Qxa7
Bb4+ 15. Bd2 Bxd2+ 16. Kxd2 Qg5+ 17. Kd1 O-O 18. Re1 Rd8 19. g3 Rc4 20. Rxe4
Rdc8 21. Rf4 Qh5+ 22. Kd2 Rc2+ 0-1

[Event "Challenge"]
[Site "http://www.queenalice.com/game.php?id=384625"]
[Date "2008.4.9"]
[Round "-"]
[White "Benoliel"]
[Black "Aul"]
[Result "0-1"]
[WhiteElo "2053"]
[BlackElo "1760"]

1. d4 Nf6 2. Nc3 e6 3. Bg5 Be7 4. Nf3 Nc6 5. e3 h6 6. Bh4 d6 7. Bb5 O-O 8. Bxc6
bxc6 9. O-O Rb8 10. b3 Re8 11. Qd3 Rb6 12. Ne4 Ba6 13. c4 Nxe4 14. Bxe7 Qxe7 15.
Qxe4 d5 16. Qg4 dxc4 17. bxc4 Bxc4 18. Rfc1 Ba6 19. Ne5 Bb7 20. Rab1 Qa3 21. Qe2
Ba6 22. Qf3 Rf8 23. Nd7 Rxb1 24. Rxb1 Rc8 25. h3 Qxa2 26. Rb8 Rxb8 27. Nxb8 Qb1+
28. Kh2 Qxb8 29. Qxc6 Bb5 30. Qc5 a5 31. e4 a4 32. d5 c6+ 33. g3 cxd5 34. exd5
exd5 35. Qxd5 Qe8 36. Qd6 Bc6 37. g4 Qe4 38. Kg3 Qf3+ 39. Kh4 g5+ 0-1

[Event "Challenge"]
[Site "http://www.queenalice.com/game.php?id=384627"]
[Date "2008.4.9"]
[Round "-"]
[White "Benoliel"]
[Black "Count_Isouard"]
[Result "1-0"]
[WhiteElo "2041"]
[BlackElo "1710"]

1. d4 d6 2. e4 g6 3. Nf3 f6 4. Bc4 Nh6 5. Nc3 Bg7 6. Bf4 Nf7 7. Bxf7+ Kxf7 8.
Qd3 Re8 9. O-O Kg8 10. Rfe1 Nc6 11. e5 Bf5 12. Ne4 d5 13. Qb3 1-0